Steklov operators and their associated semigroups
We consider Steklov operators in spaces of continuous functions on the real line and on a bounded interval. We study the connections of these operators with some second-order degenerate parabolic problems establishing a general Voronovskaja type formula.
Elmentve itt :
| Szerzők: | |
|---|---|
| Dokumentumtípus: | Cikk |
| Megjelent: |
Bolyai Institute, University of Szeged
Szeged
2008
|
| Sorozat: | Acta scientiarum mathematicarum
74 No. 1-2 |
| Kulcsszavak: | Matematika, Steklov-operátor |
| Tárgyszavak: | |
| Online Access: | http://acta.bibl.u-szeged.hu/16232 |
| LEADER | 01096nab a2200241 i 4500 | ||
|---|---|---|---|
| 001 | acta16232 | ||
| 005 | 20260311084642.0 | ||
| 008 | 161015s2008 hu o 000 eng d | ||
| 022 | |a 0001-6969 | ||
| 040 | |a SZTE Egyetemi Kiadványok Repozitórium |b hun | ||
| 041 | |a eng | ||
| 100 | 1 | |a Campiti Michele | |
| 245 | 1 | 0 | |a Steklov operators and their associated semigroups |h [elektronikus dokumentum] / |c Campiti Michele |
| 260 | |a Bolyai Institute, University of Szeged |b Szeged |c 2008 | ||
| 300 | |a 171-189 | ||
| 490 | 0 | |a Acta scientiarum mathematicarum |v 74 No. 1-2 | |
| 520 | 3 | |a We consider Steklov operators in spaces of continuous functions on the real line and on a bounded interval. We study the connections of these operators with some second-order degenerate parabolic problems establishing a general Voronovskaja type formula. | |
| 650 | 4 | |a Természettudományok | |
| 650 | 4 | |a Matematika | |
| 695 | |a Matematika, Steklov-operátor | ||
| 700 | 0 | 1 | |a Raşa Ioan |e aut |
| 700 | 0 | 1 | |a Tacelli Cristian |e aut |
| 856 | 4 | 0 | |u http://acta.bibl.u-szeged.hu/16232/1/math_074_numb_001_002_171-189.pdf |z Dokumentum-elérés |